000 00437nam a22001577a 4500
005 20240108115122.0
008 190405b xxu||||| |||| 00| 0 eng d
020 _a978-93-82448-31-0
041 _aeng
100 _aDEODHAR, DR. M.N. AND JAGTAP, J.R.
_98291
245 _aPRACTICAL HANDBOOK OF PHARMACEUTICAL ORGANIC CHEMISTRY
260 _aPUNE
_bNIRALI PRAKASHAN
300 _a1.3p,
650 _aPHARMACY
_xBPHARMA
_97483
942 _cBK
999 _c5818
_d5816